000 00453nam a2200157Ia 4500
008 210716s2015 xx 000 0 und d
020 _a9789352132515
041 _aeng
082 _a004.69 SLAD
100 _aSlama, Dirk;Puhlmann, Frank;Morrish, Jim.
245 _aEnterprise iot.
250 _a1
260 _aNew Delhi
_bShroff Publishers and Distributors Pvt Ltd
_c2015
300 _axvii,464
650 _aCommunications, telecommunication(384)
999 _c195068
_d195068